[Event "Quebec-ch inv."]
[Site "Montreal CAN"]
[Date "2003.07.04"]
[Round "8"]
[White "Hua, Lefong"]
[Black "Voskanyan, Vahagn"]
[Result "1/2-1/2"]
[WhiteElo "2267"]
[BlackElo "2314"]
[PlyCount "93"]
[EventDate "2003.06.26"]
[EventType "tourn"]
[EventRounds "9"]
[EventCountry "CAN"]

1. d4 Nf6 2. c4 e6 3. Nc3 d5 4. cxd5 exd5 5. Bg5 Nbd7 6. e3 Be7 7. Bd3 c6 8.
Qc2 O-O 9. Nf3 Re8 10. O-O h6 11. Bf4 Nh5 12. Be5 Bf6 13. Bg3 Nxg3 14. hxg3 Nf8
15. b4 Bg4 16. Bf5 Bxf5 17. Qxf5 Ne6 18. Rab1 Rc8 19. Rfc1 g6 20. Qd3 Bg7 21.
Na4 b6 22. Rc2 Qd7 23. Qa6 Rc7 24. Rbc1 Rec8 25. a3 Bf6 26. Nc3 Bg7 27. Qd3 Rd8
28. Ne2 Qd6 29. Nf4 Ng5 30. Nxg5 hxg5 31. Ne2 Bf8 32. Nc3 Qd7 33. Nb1 Rdc8 34.
Nd2 Be7 35. Nf3 Qe6 36. Qb3 Bf6 37. Ne1 Kg7 38. Qa4 Be7 39. Nd3 Qe4 40. Qb3 Bd6
41. Ne1 g4 42. Qd3 Qe7 43. Rc3 Qg5 44. Qd1 Qf5 45. Qa4 Qd7 46. Nd3 Qe8 47. Ne1
1/2-1/2

[Event "Quebec-ch inv."]
[Site "Montreal CAN"]
[Date "2003.06.29"]
[Round "8"]
[White "Pruess, David"]
[Black "Maly, Alexey"]
[Result "1-0"]
[WhiteElo "2331"]
[BlackElo "2366"]
[PlyCount "55"]
[EventDate "2003.06.26"]
[EventType "tourn"]
[EventRounds "9"]
[EventCountry "CAN"]

1. e4 c6 2. d4 d5 3. exd5 cxd5 4. c4 Nf6 5. Nc3 e6 6. Nf3 Be7 7. cxd5 Nxd5 8.
Bd3 Nc6 9. O-O O-O 10. a3 Nf6 11. Bc2 b6 12. Qd3 Bb7 13. Re1 g6 14. Bh6 Re8 15.
Rad1 Rc8 16. Ng5 Ng4 17. Nxf7 Kxf7 18. Qf3+ Nf6 19. Bb3 Bd6 20. d5 Na5 21.
dxe6+ Ke7 22. Nd5+ Bxd5 23. Bxd5 Rf8 24. b4 Nxd5 25. Qxd5 Nc4 26. Qg5+ Ke8 27.
e7 Bxh2+ 28. Kh1 1-0

[Event "Quebec-ch inv."]
[Site "Montreal CAN"]
[Date "2003.07.05"]
[Round "9"]
[White "Kleinplatz, Sam"]
[Black "Pruess, David"]
[Result "0-1"]
[WhiteElo "2312"]
[BlackElo "2331"]
[PlyCount "60"]
[EventDate "2003.06.26"]
[EventType "tourn"]
[EventRounds "9"]
[EventCountry "CAN"]

1. d4 d5 2. c4 e6 3. Nc3 c6 4. cxd5 exd5 5. Qc2 g6 6. Bf4 Bf5 7. Qb3 Qb6 8.
Qxb6 axb6 9. e3 Nd7 10. Nf3 b5 11. Be2 b4 12. Nd1 Ngf6 13. Nd2 Be7 14. f3 O-O
15. Nf2 Ra7 16. g4 Be6 17. Nb3 Rfa8 18. Nd3 Rxa2 19. Kd2 Nb6 20. Rxa2 Rxa2 21.
Ra1 Nc4+ 22. Ke1 Rxa1+ 23. Nxa1 h5 24. h3 Nd7 25. b3 g5 26. bxc4 dxc4 27. Bxg5
Bxg5 28. Nxb4 Bxe3 29. Nac2 Bf4 30. Kf2 Nf6 0-1

[Event "Quebec-ch inv."]
[Site "Montreal CAN"]
[Date "2003.07.01"]
[Round "9"]
[White "Maly, Alexey"]
[Black "Hua, Lefong"]
[Result "0-1"]
[WhiteElo "2366"]
[BlackElo "2267"]
[PlyCount "62"]
[EventDate "2003.06.26"]
[EventType "tourn"]
[EventRounds "9"]
[EventCountry "CAN"]

1. d4 Nf6 2. c4 c5 3. d5 e6 4. Nc3 exd5 5. cxd5 d6 6. Nf3 g6 7. Nd2 Nbd7 8. e4
Bg7 9. Be2 O-O 10. O-O Re8 11. f4 a6 12. a4 c4 13. Bxc4 Nc5 14. Re1 Ng4 15. Re2
Bd4+ 16. Kh1 Ne3 17. Rxe3 Bxe3 18. Qf3 Bd4 19. Ra3 Qh4 20. g3 Qg4 21. Be2 Qxf3+
22. Bxf3 Bxc3 23. Rxc3 Nxa4 24. Ra3 Bd7 25. b3 Rac8 26. Ra1 Nc5 27. Ba3 b5 28.
Kg2 Nd3 29. Kf1 b4 30. Ke2 Bb5 31. Nc4 Nc5 0-1

[Event "Quebec-ch qual 1"]
[Site "Montreal CAN"]
[Date "2003.05.02"]
[Round "1"]
[White "Brunet, Guy"]
[Black "Ostaci, Liviu"]
[Result "0-1"]
[WhiteElo "1438"]
[BlackElo "2025"]
[PlyCount "61"]
[EventDate "2003.05.02"]
[EventType "swiss"]
[EventRounds "5"]
[EventCountry "CAN"]

1. d4 Nf6 2. Nf3 g6 3. e3 Bg7 4. Bd3 O-O 5. O-O d6 6. Nbd2 Nbd7 7. c3 e5 8.
dxe5 dxe5 9. e4 Re8 10. Bc2 Nf8 11. h3 Nh5 12. Nc4 Nf4 13. Qxd8 Rxd8 14. Ncxe5
N4e6 15. Be3 b6 16. Rad1 Bb7 17. Rd2 Rxd2 18. Bxd2 Rd8 19. Be3 Nd7 20. Nxd7
Rxd7 21. Ng5 Nxg5 22. Bxg5 a6 23. f3 c5 24. Rd1 Rxd1+ 25. Bxd1 c4 26. Kf2 b5
27. Ke3 a5 28. a3 b4 29. axb4 axb4 30. cxb4 Bxb2 31. b5 0-1

[Event "Quebec-ch qual 1"]
[Site "Montreal CAN"]
[Date "2003.05.02"]
[Round "1"]
[White "Furger, Joseph"]
[Black "Sullivan, Neil"]
[Result "0-1"]
[WhiteElo "1481"]
[BlackElo "2087"]
[PlyCount "128"]
[EventDate "2003.05.02"]
[EventType "swiss"]
[EventRounds "5"]
[EventCountry "CAN"]

1. f4 d5 2. Nf3 g6 3. e3 Bg7 4. Be2 c5 5. c3 Nf6 6. O-O O-O 7. Qe1 Nc6 8. Na3
a6 9. Ne5 Qd6 10. Nxc6 bxc6 11. d3 Rb8 12. Nc2 e5 13. h3 Re8 14. Qg3 Bf5 15.
Ne1 Nd7 16. Bg4 exf4 17. exf4 Qe6 18. Bxf5 Qxf5 19. Qf3 Re7 20. g4 Qf6 21. Ng2
Rbe8 22. Bd2 Re2 23. Rad1 d4 24. c4 h6 25. Rfe1 Rxe1+ 26. Rxe1 Re6 27. Rxe6
Qxe6 28. Kf2 Nf6 29. Ba5 Qd6 30. a3 Nd7 31. h4 Kh7 32. Qe2 Nf6 33. Bb6 Nd7 34.
Ba5 Qb8 35. h5 Qd6 36. Bd8 Bf6 37. hxg6+ fxg6 38. Ba5 Kg7 39. Bd2 g5 40. Qe8
Be7 41. f5 Ne5 42. Ke2 Nxg4 43. Qg6+ Qxg6 44. fxg6 Kxg6 45. Ne1 Kf6 46. Ba5 h5
47. Bc7 Ne5 48. b4 cxb4 49. axb4 Bxb4 50. Bxe5+ Kxe5 51. Nf3+ Kf6 52. Nxd4 c5
53. Nc2 a5 54. d4 cxd4 55. Nxd4 Ke5 56. Kd3 g4 57. Nc2 Bc5 58. Ne1 h4 59. Ke2
h3 60. Kf1 Ke4 61. Ng2 hxg2+ 62. Kxg2 a4 63. Kg3 a3 64. Kxg4 a2 0-1

[Event "Quebec-ch qual 1"]
[Site "Montreal CAN"]
[Date "2003.05.02"]
[Round "1"]
[White "Landry, Sylvain"]
[Black "Pomerantz, Nathaniel"]
[Result "1-0"]
[WhiteElo "1975"]
[BlackElo "1433"]
[PlyCount "107"]
[EventDate "2003.05.02"]
[EventType "swiss"]
[EventRounds "5"]
[EventCountry "CAN"]

1. e4 c5 2. Nf3 Nc6 3. d4 cxd4 4. Nxd4 d6 5. c4 Nf6 6. Nc3 a6 7. Be2 e6 8. O-O
Bd7 9. Nb3 Qc7 10. Be3 Be7 11. Rc1 O-O 12. f4 Rfd8 13. Qe1 Be8 14. Qf2 Nd7 15.
Rfd1 Qb8 16. Bf3 Rc8 17. Bg4 Nf8 18. c5 Rd8 19. cxd6 Bxd6 20. e5 Bc7 21. Ne4
Nb4 22. Rxd8 Qxd8 23. Rd1 Nd5 24. Bd4 Bc6 25. Nbc5 b6 26. Nb3 a5 27. Ng5 a4 28.
Nc1 Rb8 29. Ne2 b5 30. Rc1 Bd7 31. Ne4 Bc8 32. Nd6 Bxd6 33. exd6 Nb4 34. Qg3
Qxd6 35. Bc5 Qd2 36. f5 Na6 37. Qd6 Qxd6 38. Bxd6 Bd7 39. Bxb8 Nxb8 40. fxe6
Nxe6 41. Bf3 g5 42. g3 Na6 43. Bc6 Bxc6 44. Rxc6 Nac5 45. Rb6 Nc7 46. Nd4 Kf8
47. Nxb5 Nxb5 48. Rxb5 Nd3 49. Rxg5 f6 50. Rg4 Nc5 51. Rc4 Nd3 52. Rxa4 Nxb2
53. Ra7 Nc4 54. a4 1-0

[Event "Quebec-ch qual 1"]
[Site "Montreal CAN"]
[Date "2003.05.02"]
[Round "1"]
[White "Tuminello, Flavio"]
[Black "Dubois, Julien"]
[Result "1-0"]
[WhiteElo "1381"]
[BlackElo "1954"]
[PlyCount "80"]
[EventDate "2003.05.02"]
[EventType "swiss"]
[EventRounds "5"]
[EventCountry "CAN"]

1. e4 g6 2. d4 c6 3. Nf3 Bg7 4. Nc3 d5 5. Be3 Bg4 6. h3 Bxf3 7. Qxf3 dxe4 8.
Qxe4 Nf6 9. Qd3 Na6 10. O-O-O Nb4 11. Qd2 Qa5 12. Bc4 Nbd5 13. Nxd5 Qxd2+ 14.
Bxd2 Nxd5 15. c3 O-O 16. Rhe1 e6 17. Bd3 b5 18. a3 a5 19. g3 Rfc8 20. Kb1 Rab8
21. b4 axb4 22. axb4 Ra8 23. Kb2 Nxb4 24. cxb4 Bxd4+ 25. Kb3 Bxf2 26. Rf1 Bxg3
27. Bf4 Bxf4 28. Rxf4 f5 29. Rd4 Rd8 30. Bxf5 Re8 31. Be4 Rac8 32. Rd6 c5 33.
Bc6 c4+ 34. Kc3 Rf8 35. Rxe6 Kg7 36. Rd7+ Kh6 37. Rb7 Rf1 38. Rxb5 Rc1+ 39. Kb2
Rf1 40. Rc5 Rf4 1-0

[Event "Quebec-ch qual 1"]
[Site "Montreal CAN"]
[Date "2003.05.03"]
[Round "2"]
[White "Libersan, Thierry"]
[Black "Fournier, Christian"]
[Result "0-1"]
[WhiteElo "1949"]
[BlackElo "1228"]
[PlyCount "85"]
[EventDate "2003.05.02"]
[EventType "swiss"]
[EventRounds "5"]
[EventCountry "CAN"]

1. e4 e6 2. d4 c5 3. Nf3 cxd4 4. Nxd4 Nc6 5. Nb5 d6 6. c4 a6 7. N5a3 Nf6 8. Nc3
Be7 9. Be2 Bd7 10. O-O O-O 11. Kh1 Rc8 12. Bf4 Qc7 13. c5 e5 14. cxd6 Qxd6 15.
Bg5 Qxd1 16. Raxd1 Bxa3 17. bxa3 Nd4 18. Bxf6 gxf6 19. Nd5 Kg7 20. Ne3 Ba4 21.
Rd2 Nxe2 22. Rxe2 Bb5 23. Ree1 Bxf1 24. Rxf1 Rc7 25. Nf5+ Kh8 26. g3 Rfc8 27.
Kg2 Rc1 28. Rxc1 Rxc1 29. Nd6 Rc7 30. a4 Rd7 31. Nf5 Rd2 32. Kf3 Rxa2 33. Nd6
Rxa4 34. Nxb7 h5 35. Nc5 Ra3+ 36. Ke2 a5 37. Nd3 Kg7 38. Kd2 Kg6 39. h4 a4 40.
Kc2 Rxd3 41. Kxd3 f5 42. f3 fxe4+ 43. fxe4 0-1

[Event "Quebec-ch qual 1"]
[Site "Montreal CAN"]
[Date "2003.05.03"]
[Round "2"]
[White "Ostaci, Liviu"]
[Black "Amesse, Louis-Philippe"]
[Result "0-1"]
[WhiteElo "2025"]
[BlackElo "1676"]
[PlyCount "46"]
[EventDate "2003.05.02"]
[EventType "swiss"]
[EventRounds "5"]
[EventCountry "CAN"]

1. e4 d6 2. d4 Nf6 3. Nc3 g6 4. Be3 Bg7 5. Qd2 O-O 6. f3 Nbd7 7. g4 c5 8. O-O-O
cxd4 9. Bxd4 Qa5 10. Kb1 Ne5 11. Be2 Be6 12. Nd5 Qxd2 13. Nxe7+ Kh8 14. Rxd2
Rfe8 15. Nd5 Nxd5 16. exd5 Bxd5 17. Bxe5 Rxe5 18. c4 Bc6 19. Rxd6 Bf8 20. Rd2
Rc8 21. a3 Bc5 22. Bd1 Re1 23. Kc2 Rxg1 0-1

[Event "Quebec-ch qual 1"]
[Site "Montreal CAN"]
[Date "2003.05.03"]
[Round "2"]
[White "Sanscartier, Pierre"]
[Black "Plante, Michel"]
[Result "0-1"]
[WhiteElo "1246"]
[BlackElo "1951"]
[PlyCount "80"]
[EventDate "2003.05.02"]
[EventType "swiss"]
[EventRounds "5"]
[EventCountry "CAN"]

1. e4 d6 2. d4 Nf6 3. Nc3 g6 4. Nf3 Bg7 5. Bc4 Nc6 6. Bb3 Bg4 7. Be3 e5 8. d5
Ne7 9. h3 Bd7 10. Qd3 O-O 11. Ne2 Ne8 12. c4 b6 13. Nd2 f5 14. f3 Nf6 15. O-O-O
f4 16. Bf2 Nh5 17. Rdg1 Bh6 18. Nf1 Qe8 19. Kd1 Qf7 20. Nh2 Bg7 21. Ng4 Kh8 22.
Kd2 Ng8 23. Qc2 Qe8 24. Rc1 a5 25. Qc3 Qe7 26. Bc2 Rf7 27. b3 Ngf6 28. Nh2 Bh6
29. Kd3 Ng3 30. Rhg1 Nfh5 31. Ra1 Bg5 32. Nf1 Nxe4 33. fxe4 f3 34. g3 fxe2 35.
Kxe2 Bxh3 36. Be3 Raf8 37. g4 Bxf1+ 38. Raxf1 Rxf1 39. gxh5 Rxg1 40. Bxg1 Qf6
0-1

[Event "Quebec-ch qual 1"]
[Site "Montreal CAN"]
[Date "2003.05.03"]
[Round "2"]
[White "Sullivan, Neil"]
[Black "Desautels, Richard"]
[Result "0-1"]
[WhiteElo "2087"]
[BlackElo "1722"]
[PlyCount "69"]
[EventDate "2003.05.02"]
[EventType "swiss"]
[EventRounds "5"]
[EventCountry "CAN"]

1. e4 d5 2. exd5 Qxd5 3. Nf3 Bf5 4. d4 Qe4+ 5. Be2 Qxc2 6. Qxc2 Bxc2 7. Na3 Bg6
8. Nb5 Na6 9. Bf4 c6 10. Nc3 Nb4 11. O-O-O Nf6 12. a3 Nbd5 13. Nxd5 Nxd5 14.
Bg3 Bh5 15. Rhe1 e6 16. Kb1 Rd8 17. Be5 Rg8 18. h3 Bd6 19. g3 Bxf3 20. Bxf3
Bxe5 21. dxe5 Ke7 22. Kc2 Rd7 23. Rd4 Rgd8 24. Re2 Nb6 25. Rg4 g6 26. Rh4 h5
27. g4 Rd4 28. Be4 hxg4 29. hxg4 Nc4 30. Rh7 Nxe5 31. f4 Nxg4 32. Bxg6 Rxf4 33.
Bd3 Rf2 34. Kc3 Rxe2 35. Bxe2 0-1

[Event "Quebec-ch qual 1"]
[Site "Montreal CAN"]
[Date "2003.05.03"]
[Round "2"]
[White "Tuminello, Flavio"]
[Black "Landry, Sylvain"]
[Result "0-1"]
[WhiteElo "1381"]
[BlackElo "1975"]
[PlyCount "62"]
[EventDate "2003.05.02"]
[EventType "swiss"]
[EventRounds "5"]
[EventCountry "CAN"]

1. e4 c5 2. Nf3 d6 3. d4 cxd4 4. Nxd4 Nf6 5. Nc3 a6 6. Be2 e5 7. Nb3 Be7 8. Bg5
Be6 9. O-O O-O 10. Qd2 Qc7 11. f4 Nbd7 12. f5 Bc4 13. Bxc4 Qxc4 14. Bxf6 Nxf6
15. Rfe1 Rfc8 16. Qe2 b5 17. Qxc4 Rxc4 18. Nd2 Rc6 19. Rac1 Rac8 20. a3 Bd8 21.
h3 Ba5 22. Ndb1 Rc4 23. Rcd1 Rd4 24. Re2 Bb6 25. Kh2 Rxd1 26. Nxd1 Kf8 27. Kg3
Rc4 28. Kf3 d5 29. exd5 Rf4+ 30. Kg3 Bg1 31. Rxe5 Nh5# 0-1

[Event "Quebec-ch qual 1"]
[Site "Montreal CAN"]
[Date "2003.05.03"]
[Round "3"]
[White "Amesse, Louis-Philippe"]
[Black "Plante, Michel"]
[Result "0-1"]
[WhiteElo "1676"]
[BlackElo "1951"]
[PlyCount "58"]
[EventDate "2003.05.02"]
[EventType "swiss"]
[EventRounds "5"]
[EventCountry "CAN"]

1. Nf3 d6 2. g3 e5 3. d3 g6 4. Bg2 Bg7 5. c4 Ne7 6. Nc3 Nbc6 7. Rb1 O-O 8. b4
Nd4 9. Nxd4 exd4 10. Ne4 h6 11. O-O d5 12. Nc5 c6 13. Bb2 Qd6 14. a3 Rd8 15.
Qd2 b6 16. Nb3 Be6 17. c5 bxc5 18. bxc5 Qc7 19. Bxd4 Nf5 20. Bxg7 Kxg7 21. Rb2
d4 22. Na5 Bd5 23. Rb7 Qe5 24. Nxc6 Bxc6 25. Bxc6 Qxc5 26. Qa2 Nd6 27. Rc7 Qb6
28. Bxa8 Qxc7 29. Bf3 Nb5 0-1

[Event "Quebec-ch qual 1"]
[Site "Montreal CAN"]
[Date "2003.05.03"]
[Round "3"]
[White "Deshetres, Michel"]
[Black "Ramaswamy, Kishor"]
[Result "1/2-1/2"]
[WhiteElo "1708"]
[BlackElo "2057"]
[PlyCount "88"]
[EventDate "2003.05.02"]
[EventType "swiss"]
[EventRounds "5"]
[EventCountry "CAN"]

1. d4 d5 2. Nf3 Nf6 3. Bg5 Nbd7 4. e3 e6 5. Bd3 Be7 6. O-O O-O 7. Nbd2 c5 8. c3
b6 9. Bf4 Bb7 10. Ne5 Nxe5 11. Bxe5 Nd7 12. Bg3 Re8 13. Nf3 Bf6 14. Ne5 g6 15.
f4 Bg7 16. Qe1 a5 17. Bh4 f6 18. Qe2 Qc8 19. Nxd7 Qxd7 20. Rf3 e5 21. fxe5 fxe5
22. Bb5 Bc6 23. Bxc6 Qxc6 24. Qd2 exd4 25. exd4 cxd4 26. cxd4 Re4 27. Bf2 Rae8
28. Rc1 Qd7 29. Qc3 Qe6 30. Qc6 Bxd4 31. Qxe6+ R8xe6 32. Bxd4 Rxd4 33. Rc7 Re2
34. Rc8+ Kg7 35. Rc7+ Kh6 36. Rh3+ Kg5 37. Rg3+ Rg4 38. Rxg4+ Kxg4 39. Rxh7
Rxb2 40. Rd7 Rxa2 41. Rxd5 Rb2 42. Rd8 a4 43. Rd4+ Kf5 44. Rxa4 b5 1/2-1/2

[Event "Quebec-ch qual 1"]
[Site "Montreal CAN"]
[Date "2003.05.03"]
[Round "3"]
[White "Fournier, Christian"]
[Black "Samson, Gaetan"]
[Result "1/2-1/2"]
[WhiteElo "1228"]
[BlackElo "1901"]
[PlyCount "80"]
[EventDate "2003.05.02"]
[EventType "swiss"]
[EventRounds "5"]
[EventCountry "CAN"]

1. e4 c5 2. c3 d6 3. d4 cxd4 4. cxd4 Nf6 5. Nc3 g6 6. f4 Bg7 7. Nf3 O-O 8. e5
dxe5 9. fxe5 Nd5 10. Bc4 Nxc3 11. bxc3 Qc7 12. Qb3 Nc6 13. Bd5 e6 14. Be4 Bd7
15. Rb1 b6 16. Ba3 Rfc8 17. Bd6 Qd8 18. Rc1 Bf8 19. Qa3 Bxd6 20. Qxd6 Be8 21.
O-O Qxd6 22. exd6 Rd8 23. d7 Bxd7 24. Ne5 Rac8 25. Nxf7 Rf8 26. Bxc6 Bxc6 27.
Ne5 Rxf1+ 28. Kxf1 b5 29. g3 Bd5 30. a3 Bc4+ 31. Kf2 a5 32. Ke3 Bd5 33. Nd7 b4
34. axb4 axb4 35. Nc5 bxc3 36. Rxc3 Rf8 37. Nd3 g5 38. Ne5 h5 39. Rc7 Ra8 40.
Nd7 Ra3+ 1/2-1/2

[Event "Quebec-ch qual 1"]
[Site "Montreal CAN"]
[Date "2003.05.03"]
[Round "3"]
[White "Landry, Sylvain"]
[Black "Desautels, Richard"]
[Result "1-0"]
[WhiteElo "1975"]
[BlackElo "1722"]
[PlyCount "93"]
[EventDate "2003.05.02"]
[EventType "swiss"]
[EventRounds "5"]
[EventCountry "CAN"]

1. e4 d5 2. exd5 Qxd5 3. Nc3 Qa5 4. Nf3 Bf5 5. d4 Nf6 6. Ne5 Nbd7 7. Nc4 Qa6 8.
Bf4 Qe6+ 9. Ne3 c6 10. Bc4 Nd5 11. Bxd5 cxd5 12. Ncxd5 O-O-O 13. Qd2 Be4 14.
Nb4 Nb6 15. Qc3+ Kd7 16. O-O Rc8 17. Qd2 g5 18. Bg3 h5 19. f3 Bh7 20. Nd3 Ke8
21. Ne5 Bh6 22. d5 Qf6 23. Qb4 h4 24. N3g4 Qg7 25. Qb5+ Kd8 26. Bf2 Rc7 27.
Nxh6 Rf8 28. Nhg4 f5 29. d6 exd6 30. Rad1 fxg4 31. Rxd6+ Kc8 32. Nxg4 Rxc2 33.
Re1 Bg6 34. Qxg5 Rg8 35. Red1 Kb8 36. Bd4 Qh7 37. Be5 Ka8 38. Qe3 Bf5 39. Rxb6
Bxg4 40. fxg4 Qe7 41. Rbd6 Re8 42. Bf4 Qf8 43. Qxe8+ Qxe8 44. Rd8+ Rc8 45. Rxe8
Rxe8 46. Bg5 b5 47. Rd8+ 1-0

[Event "Quebec-ch qual 1"]
[Site "Montreal CAN"]
[Date "2003.05.03"]
[Round "3"]
[White "Panayotov, Ivo"]
[Black "Sullivan, Neil"]
[Result "1-0"]
[WhiteElo "1715"]
[BlackElo "2087"]
[PlyCount "83"]
[EventDate "2003.05.02"]
[EventType "swiss"]
[EventRounds "5"]
[EventCountry "CAN"]

1. e4 c5 2. Nf3 Nc6 3. d4 cxd4 4. Nxd4 g6 5. c4 d6 6. Nc3 Nf6 7. Be2 Nxd4 8.
Qxd4 Bg7 9. Be3 O-O 10. Qd2 Qa5 11. O-O Be6 12. Rac1 Rfe8 13. Rc2 Rac8 14. b3
a6 15. Rfc1 h5 16. h3 Rc6 17. Bf3 Rcc8 18. Qd3 Nd7 19. Nd5 Kh7 20. Bg5 Qd8 21.
Qe3 Ne5 22. Be2 Nc6 23. g4 hxg4 24. Bxg4 Bxg4 25. hxg4 Kg8 26. Kg2 Qd7 27. Qh3
Qe6 28. f3 f6 29. Be3 Kf7 30. Nf4 Qe5 31. Qh7 Qg5 32. Nd5 Qe5 33. Bf4 Rh8 34.
Qxh8 Bxh8 35. Bxe5 Nxe5 36. Kg3 e6 37. Nf4 b6 38. Rd1 Rc6 39. Rcd2 Ke7 40. Rh2
Bg7 41. Rh7 Kf7 42. Nxe6 1-0

[Event "Quebec-ch qual 1"]
[Site "Montreal CAN"]
[Date "2003.05.03"]
[Round "3"]
[White "Solar, Dariusz"]
[Black "Anastasovski, Nikola"]
[Result "1/2-1/2"]
[WhiteElo "1874"]
[BlackElo "100"]
[PlyCount "119"]
[EventDate "2003.05.02"]
[EventType "swiss"]
[EventRounds "5"]
[EventCountry "CAN"]

1. e4 e5 2. Nf3 Nc6 3. Bb5 f5 4. Nc3 Nf6 5. exf5 e4 6. Ng5 d5 7. O-O Bxf5 8. d3
exd3 9. Bxd3 Qd7 10. Re1+ Be7 11. Bxf5 Qxf5 12. Ne6 Kf7 13. Nxc7 Rad8 14. Qe2
Bc5 15. Qe6+ Qxe6 16. Nxe6 Rde8 17. Ng5+ Kg6 18. Bd2 Nd4 19. Na4 Bd6 20. c3 Nc6
21. b3 h6 22. Nf3 b5 23. Nb2 Ne4 24. Nd3 Rhf8 25. a4 bxa4 26. Rxa4 a5 27. c4
Nxd2 28. Nxd2 Rxe1+ 29. Nxe1 Bb4 30. Ndf3 dxc4 31. bxc4 Rd8 32. Kf1 Kf5 33. Nc2
Bc5 34. Ke2 g5 35. Nfe1 Rb8 36. Nd3 Be7 37. Ne3+ Ke6 38. f4 Kd7 39. Ne5+ Nxe5
40. fxe5 Rb2+ 41. Kf3 Bb4 42. c5 Kc6 43. e6 Rb3 44. Ke4 Bxc5 45. Nd5 Rb1 46.
Nf6 Rb4+ 47. Rxb4 Bxb4 48. Nd5 Kd6 49. e7 Kd7 50. e8=Q+ Kxe8 51. Nxb4 axb4 52.
Kd4 Ke7 53. Kc4 Ke6 54. Kxb4 Ke5 55. Kc3 Ke4 56. Kd2 g4 57. Ke2 h5 58. g3 Kd4
59. Kd2 Ke4 60. Ke2 1/2-1/2

[Event "Quebec-ch qual 1"]
[Site "Montreal CAN"]
[Date "2003.05.04"]
[Round "4"]
[White "Dubois, Julien"]
[Black "Panayotov, Ivo"]
[Result "0-1"]
[WhiteElo "1957"]
[BlackElo "1715"]
[PlyCount "134"]
[EventDate "2003.05.02"]
[EventType "swiss"]
[EventRounds "5"]
[EventCountry "CAN"]

1. f4 d5 2. Nf3 Nf6 3. e3 Bg4 4. b3 e6 5. Bb2 Bd6 6. d3 Qe7 7. Be2 Nbd7 8. Qd2
O-O 9. h3 Bxf3 10. gxf3 e5 11. f5 Nh5 12. e4 Qh4+ 13. Kd1 d4 14. c3 c5 15. Na3
Nf4 16. Kc2 a5 17. Nb5 Qf6 18. a4 g6 19. Rag1 Kh8 20. fxg6 fxg6 21. Bc1 Be7 22.
Bd1 Rf7 23. c4 b6 24. Qh2 Rc8 25. h4 Nf8 26. Bxf4 Qxf4 27. Qh3 Rb8 28. Nc7 Qf6
29. Nd5 Qd6 30. f4 exf4 31. Rf1 Nd7 32. Bg4 Nf8 33. Rf2 h6 34. Rhf1 h5 35. Bc8
Bxh4 36. Qxh4 Rxc8 37. Rxf4 Rxf4 38. Rxf4 Kg7 39. Rf6 Qd8 40. Qf4 Qe8 41. Rxb6
Qf7 42. Rf6 Qe8 43. Qd6 Qd8 44. Qa6 h4 45. Qb7+ Qd7 46. Qxd7+ Nxd7 47. Rf1 Rf8
48. Rxf8 Kxf8 49. Nf4 Kf7 50. Kd2 g5 51. Ne2 Kf6 52. Ke1 Ne5 53. Nc1 g4 54. Kf2
Kg5 55. Kg2 Kf4 56. Kf2 g3+ 57. Kg2 Kg4 58. Kg1 h3 59. Kf1 h2 60. Kg2 Ng6 61.
Ne2 Nf4+ 62. Nxf4 Kxf4 63. b4 axb4 64. a5 b3 65. a6 b2 66. a7 b1=Q 67. a8=Q
h1=Q# 0-1

[Event "Quebec-ch qual 1"]
[Site "Montreal CAN"]
[Date "2003.05.04"]
[Round "4"]
[White "Plante, Michel"]
[Black "Landry, Sylvain"]
[Result "1-0"]
[WhiteElo "1951"]
[BlackElo "1975"]
[PlyCount "45"]
[EventDate "2003.05.02"]
[EventType "swiss"]
[EventRounds "5"]
[EventCountry "CAN"]

1. d4 d5 2. Nf3 Nf6 3. e3 e6 4. Bd3 c5 5. b3 cxd4 6. exd4 Nc6 7. O-O Be7 8. Bb2
O-O 9. Nbd2 b6 10. a3 Na5 11. Re1 Nb7 12. Ne5 Bd7 13. Re3 g6 14. Rh3 Nd6 15.
Qe2 Nf5 16. g4 Ng7 17. Kh1 Rc8 18. Rg1 Be8 19. Qe3 g5 20. Qxg5 Nfh5 21. Qh6 f5
22. gxh5 Bf6 23. Ndf3 1-0

[Event "Quebec-ch qual 1"]
[Site "Montreal CAN"]
[Date "2003.05.04"]
[Round "4"]
[White "Rainton, Jean-Pierre"]
[Black "Solar, Dariusz"]
[Result "0-1"]
[WhiteElo "1456"]
[BlackElo "1874"]
[PlyCount "86"]
[EventDate "2003.05.02"]
[EventType "swiss"]
[EventRounds "5"]
[EventCountry "CAN"]

1. e4 e5 2. Nf3 Nc6 3. Bb5 a6 4. Ba4 Nf6 5. Qe2 b5 6. Bb3 Be7 7. c3 d6 8. O-O
O-O 9. Rd1 Bg4 10. d3 Na5 11. Bc2 c5 12. Nbd2 Qc7 13. Nf1 Rfe8 14. Ne3 Bd7 15.
Nf5 Bxf5 16. exf5 Rac8 17. Bd2 Qd7 18. Nh4 Nd5 19. Nf3 Qxf5 20. g3 Qg4 21. Kg2
Nf4+ 22. Bxf4 exf4 23. Re1 fxg3 24. hxg3 h5 25. d4 Nc4 26. b3 Nb6 27. Qd3 g6
28. Re4 Qd7 29. dxc5 dxc5 30. Qxd7 Nxd7 31. Rae1 Kf8 32. Ne5 Nf6 33. R4e2 Bd6
34. Nf3 Rxe2 35. Rxe2 c4 36. b4 Rd8 37. Rd2 Be7 38. Rxd8+ Bxd8 39. Nd4 Nd5 40.
Ne2 Bf6 41. Be4 Nxc3 42. Nxc3 Bxc3 43. Bb7 Bxb4 0-1

[Event "Quebec-ch qual 1"]
[Site "Montreal CAN"]
[Date "2003.05.04"]
[Round "5"]
[White "Collin-Deslauriers, Hugo"]
[Black "Malveau, Cedric"]
[Result "0-1"]
[WhiteElo "1316"]
[BlackElo "1863"]
[PlyCount "68"]
[EventDate "2003.05.02"]
[EventType "swiss"]
[EventRounds "5"]
[EventCountry "CAN"]

1. e4 e5 2. Nf3 Nf6 3. Bc4 Nc6 4. O-O Bc5 5. Nc3 d6 6. h3 O-O 7. d3 h6 8. Be3
Bb6 9. Qd2 Be6 10. Bb3 Qd7 11. Ba4 Rfe8 12. d4 exd4 13. Bxd4 Bxd4 14. Nxd4 Re7
15. Rfe1 Qe8 16. Nxe6 Rxe6 17. Nd5 Nxe4 18. Rxe4 Rxe4 19. Nxc7 Qd8 20. Nxa8
Rxa4 21. c3 Qxa8 22. Qxd6 Qd8 23. Qc5 Re4 24. b4 Qe7 25. Qb5 Re1+ 26. Rxe1
Qxe1+ 27. Kh2 Qe5+ 28. Qxe5 Nxe5 29. Kg3 Kf8 30. Kf4 Nd3+ 31. Ke3 Nb2 32. a3
Ke7 33. Kd4 Kd6 34. c4 b6 0-1

[Event "Quebec-ch qual 1"]
[Site "Montreal CAN"]
[Date "2003.05.04"]
[Round "5"]
[White "Dubois, Julien"]
[Black "Amesse, Louis-Philippe"]
[Result "0-1"]
[WhiteElo "1957"]
[BlackElo "1676"]
[PlyCount "80"]
[EventDate "2003.05.02"]
[EventType "swiss"]
[EventRounds "5"]
[EventCountry "CAN"]

1. f4 Nf6 2. Nf3 g6 3. Nc3 Bg7 4. e4 d6 5. h3 Nh5 6. d3 Ng3 7. Rh2 Nc6 8. Kf2
Nxf1 9. Qxf1 b6 10. g4 Bb7 11. Be3 Qd7 12. Qg2 O-O-O 13. g5 e6 14. Nd1 f5 15.
gxf6 Bxf6 16. c3 Kb8 17. Ke2 e5 18. Nf2 exf4 19. Bxf4 d5 20. e5 Rhe8 21. d4 Bg7
22. Qg4 Rf8 23. Nd3 Ba6 24. Rg1 Qf7 25. Ng5 Qxf4 26. Qxf4 Rxf4 27. Nxh7 Re4+
28. Kd2 Bh6+ 29. Kc2 Bxd3+ 30. Kxd3 Re3+ 31. Kc2 Bf4 32. Rf2 Rxh3 33. Rxf4 Rxh7
34. Rxg6 Kb7 35. Rgf6 Rg8 36. Kd3 Rg3+ 37. Ke2 Rh2+ 38. Rf2 Rgg2 39. Rxg2 Rxg2+
40. Kf3 Rxb2 0-1

[Event "Quebec-ch qual 1"]
[Site "Montreal CAN"]
[Date "2003.05.04"]
[Round "5"]
[White "Fournier, Christian"]
[Black "Valle, Ricardo"]
[Result "0-1"]
[WhiteElo "1228"]
[BlackElo "2000"]
[PlyCount "75"]
[EventDate "2003.05.02"]
[EventType "swiss"]
[EventRounds "5"]
[EventCountry "CAN"]

1. e4 c6 2. d4 d5 3. exd5 cxd5 4. c4 Nf6 5. Nc3 e6 6. Nf3 Be7 7. Bf4 O-O 8. c5
Nc6 9. Ne5 Nd7 10. Nxc6 bxc6 11. b4 Bf6 12. Bd6 Re8 13. f4 Nf8 14. Bd3 Ng6 15.
Bxg6 hxg6 16. O-O Ba6 17. Re1 Be7 18. Bxe7 Qxe7 19. a4 Bc4 20. b5 Qc7 21. g3
Qa5 22. Qc2 Reb8 23. Reb1 Qc7 24. Rb4 g5 25. fxg5 e5 26. b6 axb6 27. cxb6 Rxb6
28. Rxb6 Qxb6 29. g6 Ra7 30. gxf7+ Rxf7 31. Rb1 Qxd4+ 32. Kg2 Bd3 33. Rb8+ Kh7
34. Qb2 Bf1+ 35. Kh1 Bh3 36. Qb1+ e4 37. Ne2 Qf2 38. Qc1 0-1